Most Used Man Utd Players Under Mourinho - Statistics

General Stats
  • This quiz has been taken 305 times
  • The average score is 6 of 15
Answer Stats
Apps Answer % Correct
113 David De Gea
91%
125 Marcus Rashford
91%
108 Paul Pogba
87%
100 Chris Smalling
74%
73 Romelu Lukaku
71%
107 Jesse Lingard
62%
77 Ashley Young
59%
101 Ander Herrera
10%
106 Anthony Martial
10%
69 Nemanja Matic
10%
66 Eric Bailly
9%
100 Juan Mata
9%
89 Antonio Valencia
8%
89 Marouane Fellaini
6%
63 Henrikh Mkhitaryan
1%
No matching quizzes found
Score Distribution
Percent of People with Each Score
Percentile by Number Answered
Your Score History
You have not taken this quiz